Estudio del impuesto sobre la renta. Personas morales 2016

Bibliographic Details
Main Author: Přez Chavez, Jos ̌
Format: Book
Language:Spanish
Published: Mexico Tax Editores 2016
Subjects:
Online Access:Acceso restringido

MARC

LEADER 00000nam a22000007a 4500
005 20160622150930.0
007 cr|||| ||u|
008 160622s2016 mx ||||| |||| 00||0 spa d
020 |a 978-607-440-871-3 
035 |a 14299 
040 |a vLex 
090 |c 6213  |d 6213 
100 1 |a Přez Chavez, Jos ̌ 
245 1 0 |a Estudio del impuesto sobre la renta. Personas morales 2016  |h [Recurso electronico] /   |c Jos ̌Přez Chavez  
256 |a Servicio en linea  
260 |a Mexico  |b Tax Editores  |c 2016 
300 |a 1 recurso electronico  
500 |a Entre los tributos ms̀ importantes del sistema fiscal mexicano se encuentra el Impuesto sobre la Renta (ISR), el cual, por lo general, grava la renta (utilidades) de las personas tanto fs̕icas como morales. Por est ̀razn̤, hemos elaborado la presente obra, denominada Estudio del Impuesto sobre la Renta. Personas morales. Su principal objetivo es presentar a los lectores un extenso anl̀isis de las disposiciones fiscales relacionadas con dicho gravamen mediante el marco ter̤ico de cada tema y la resolucin̤ de diversos casos prc̀ticos. El lector encontrar ̀en esta obra, entre otros, los siguientes temas relativos a las personas morales del rǧimen general de ley, del rǧimen de actividades agrc̕olas, ganaderas, silvc̕olas y pesqueras, as ̕como de los coordinados: 1. Determinacin̤ de los pagos provisionales y del impuesto del ejercicio. 2. Tratamiento de las přdidas fiscales. 3. Cl̀culo de la base gravable y del importe de la PTU. 4. Determinacin̤ de la parte deducible en el ISR correspondiente a los pagos a trabajadores que se encuentren exentos de este impuesto. 5. Cl̀culo de la deduccin̤ de inversiones (normal e inmediata) y del costo de lo vendido. 6. Determinacin̤ del ajuste anual por inflacin̤ acumulable y deducible. 7. Tratamiento de las přdidas y utilidades cambiarias. 8. Cl̀culo de la cuenta de utilidad fiscal neta (Cufin) y de la cuenta de capital de aportacin̤ (Cuca). 9. Determinacin̤ de la retencin̤ del ISR por los pagos de salarios. 10. Rǧimen de integracin̤ fiscal. Este libro se encuentra actualizado con el nuevo Reglamento de la Ley del ISR, publicado en el Diario Oficial de la Federacin̤ el 8 de octubre de 2015, el cual entr ̤en vigor el 9 de octubre del mismo aǫ. Estamos seguros de que esta obra ser ̀de gran utilidad para las personas encargadas del cumplimiento de las obligaciones fiscales dentro de las empresas, profesionales del r̀ea fiscal, estudiantes de nuestra legislacin̤ fiscal y, en general, para toda aquella persona interesada en temas fiscales. 
506 1 |a Contenido solo disponible en los productos indicados  |d vLex Global  |d vLex Global (Academic Edition, excluding Law Schools)  |d vLex Global (U.S. Academic Edition, Law Schools)  |d vLex Global (U.S. Academic Edition, excluding Law Schools)  |d vLex Global (Academic Edition, Law Schools) 
650 0 4 |a Impuestos  |z Mexico 
740 0 |a vLex libros (servicio en linea) 
856 4 0 |u http://vlex.com/source/estudio-del-impuesto-sobre-la-renta-personas-morales-2016-14299  |z Acceso restringido  
942 |c BOOK 
999 0 |a Tax  |b Mexico